[Event "Olomouc After GP Mladi"]
[Site "Olomouc"]
[Date "1997.??.??"]
[Round "9"]
[White "Mokry, Karel"]
[Black "Kalod, Radek"]
[Result "0-1"]
[WhiteElo "2500"]
[BlackElo "2430"]
[Annotator "Hecht,H"]
[PlyCount "148"]
[EventDate "1997.08.05"]
[EventType "tourn"]
[EventRounds "11"]
[EventCountry "CZE"]
[EventCategory "10"]
[SourceTitle "CBM 061"]
[Source "ChessBase"]
[SourceDate "1997.11.23"]
[SourceVersion "1"]
[SourceVersionDate "1997.11.23"]
[SourceQuality "1"]

1. e4 c5 2. Nf3 d6 3. d4 cxd4 4. Nxd4 Nf6 5. Nc3 a6 6. g3 e6 7. Bg2 Be7 8. O-O
O-O 9. a4 Qc7 10. Be3 (10. h3 Nc6 11. Nde2 Rb8 12. g4 b5 13. axb5 axb5 14. Ng3
b4 15. Nce2 Bb7 16. g5 Nd7 17. f4 Ra8 18. Rb1 Rfc8 19. f5 Nce5 20. Nd4 Nc5 21.
f6 Bf8 22. b3 Rd8 23. Qe1 g6 24. Bf4 Qb6 {Chiburdanidze,M-Ioseliani,N/WchW
Telavi 1988/CBM 10/0-1 (41)}) 10... Nc6 11. Qe2 (11. f4 Bd7 12. Nb3 Na5 13.
Nxa5 Qxa5 14. Qd2 Qc7 15. a5 Bc6 16. Bb6 Qb8 17. Rfd1 Nd7 18. Be3 Qc7 19. e5 d5
20. Ne2 Rfd8 21. Nd4 Rac8 22. Qe2 Bc5 23. Kh1 Bxd4 24. Bxd4 Bb5 25. Qe3 Qxc2 {
Martinez Martin,D-Vilches del Castillo,S/Anibal op4th 1997/CBM 58/0-1 (52)})
11... Rb8 (11... Bd7 12. Nb3 Ne5 13. f4 Nc4 14. Bc1 e5 15. a5 b5 16. axb6 Qxb6+
17. Kh1 Rfc8 18. f5 a5 19. g4 h6 20. g5 hxg5 21. Bxg5 a4 22. Nd2 Nxd2 23. Qxd2
Bc6 24. Bf3 Bb7 25. Nxa4 Qb5 26. Qd3 Qc6 27. Qb3 Ba6 28. Rg1 Bb5 29. Bh6 Bf8
30. Qe3 Rxa4 31. Rxa4 Bxa4 32. Rxg7+ Bxg7 33. Qg5 Nh5 34. Bxg7 Qxc2 35. Bxe5+ {
1-0 Wedberg,T-Parameswaran,T/Luzern olm 1982/BIG 80}) 12. h3 Re8 13. Rad1 Bd7
14. g4 Nxd4 15. Rxd4 Bc6 16. g5 Nd7 17. Nb5 axb5 18. axb5 d5 19. bxc6 bxc6 20.
b3 e5 21. Rdd1 d4 22. Bc1 Nc5 23. f4 d3 24. cxd3 Nxb3 25. Be3 exf4 26. Bxf4 Bd6
27. Be3 c5 28. Qf2 Be5 29. Kh1 Rf8 30. Qc2 Nd4 31. Qc4 Ne6 32. h4 Rb4 33. Qc1
Bd4 34. Bd2 Bb2 35. Qb1 Bc3 36. Qc1 Bxd2 37. Qxd2 Nd4 38. Qe3 Rb2 39. Rf2 Rxf2
40. Qxf2 f6 41. Rf1 Qd6 42. gxf6 Rxf6 43. Qa2+ Qe6 44. Qa8+ Kf7 45. Rxf6+ Qxf6
46. Qd5+ Kg6 47. h5+ Kh6 48. Qxc5 Qh4+ 49. Kg1 Qe1+ 50. Kh2 Qe3 51. Qd6+ Kxh5
52. Qg3 Qxg3+ 53. Kxg3 {[#] The better knight as blockader of the White passed
pawns. Maneuvering, technique, and tactics. [#] Besserer Springer als Blockeur
der weißen Freibauern. Lavieren, Technik und Taktik} Kg5 54. Bh3 h5 55. e5 {
A pawn sacrifice, in order to make the other pawn speedy. ein bauernopfer, um
den anderen Bauern flott zu bekommen} (55. Bd7 h4+ 56. Kh3 Ne2 57. Bb5 Nf4+ 58.
Kh2 Kg4 59. d4 Kf3 60. d5 g5 61. d6 g4 62. d7 g3+ 63. Kh1 g2+ 64. Kh2 Kf2 $19)
55... h4+ 56. Kf2 Nc6 57. Ke3 Nxe5 58. d4 Nf7 59. Ke4 Kf6 60. Kf4 g5+ 61. Ke4
Nd6+ 62. Kf3 Nb5 63. d5 Nd6 64. Kg4 Nf7 65. Kh5 Nd6 66. Kg4 Ne4 67. Bg2 Nf2+
68. Kh5 (68. Kf3 $5) 68... h3 69. Bf1 h2 70. Bg2 h1=R+ 71. Bxh1 Nxh1 72. d6
Ng3+ 73. Kg4 Nf5 74. d7 Nh6+ 0-1

[Event "Veterans-Women"]
[Site "Copenhagen"]
[Date "1997.??.??"]
[Round "7"]
[White "Hort, Vlastimil"]
[Black "Ioseliani, Nana"]
[Result "1-0"]
[WhiteElo "2510"]
[BlackElo "2520"]
[Annotator "Hecht,H"]
[PlyCount "105"]
[EventDate "1997.07.23"]
[EventType "schev"]
[EventRounds "10"]
[EventCountry "DEN"]
[SourceTitle "CBM 061"]
[Source "ChessBase"]
[SourceDate "1997.11.23"]
[SourceVersion "1"]
[SourceVersionDate "1997.11.23"]
[SourceQuality "1"]

1. e4 c5 2. Nc3 Nc6 3. Nge2 e6 4. g3 Nf6 5. Bg2 d6 6. d4 cxd4 7. Nxd4 Bd7 8.
O-O Be7 9. Nde2 a6 10. b3 O-O 11. Qd2 Qc7 12. Bb2 Rfd8 13. h3 Be8 14. g4 (14.
a3 b5 15. Qe3 Rac8 16. Rfd1 Qb8 17. Rd2 Nd7 18. Nd1 a5 19. Nd4 Nxd4 20. Bxd4
Nc5 21. Nc3 b4 22. axb4 axb4 23. Ne2 e5 24. Bb2 Bc6 25. Re1 Qb7 26. f3 Nd7 27.
Kh2 Qb6 28. Qxb6 Nxb6 {Shamkovich,L-Gheorghiu,F/Lone Pine op 1978/MCL 01/1/2-1/
2 (79)}) 14... h6 15. Nf4 Rac8 16. Nce2 b5 17. Ng3 e5 18. Nfe2 d5 19. exd5 Nb4
20. Nc3 Bc6 21. Qe2 Nfxd5 22. Nxd5 Bxd5 23. Bxe5 Qxc2 24. Qxc2 Nxc2 25. Nf5 Bf8
26. Rad1 Bxg2 27. Kxg2 f6 28. Bd6 Bxd6 29. Nxd6 Rb8 30. Rd2 Nb4 31. Rfd1 Nc6
32. h4 Rd7 33. Nf5 Rxd2 34. Rxd2 Rd8 35. Rxd8+ Nxd8 {[#] Theme: the active
king and still-to-be-expanded space advantage leads to a clear White win. The
strong knight on f5 fixes the Black kingside pawns. [#] Thema: der aktive
König und weiter ausgebauter Raumvorteil führt zu klarem weißen Gewinn. Der
starke Sf5 fixiert die schwarzen Königsflügelbauern.} 36. Kf3 Nc6 37. Ke4 Kf7 (
37... g6 $142 $5 38. Nxh6+ (38. Nd4 Ne7 39. Ne6 {[%csl Ra6,Rb5][%cal Re6c7]}
f5+ 40. gxf5 Nxf5 41. h5 Kf7 42. Nc7 {with certain counterchances based on the
outside passed pawn following ...Kf6. mit gewissen Gegenchancen durch den
entfernten h-Freibauern nach etwa Kf6}) 38... Kg7 39. g5 f5+ $13) 38. f4 Nb4
39. a4 bxa4 40. bxa4 Nc6 41. Kd5 Nb4+ 42. Kc4 {[%csl Ra6,Rg7]} Nc2 43. a5 Kg6 (
43... g6 44. Nxh6+ Kg7 45. g5 f5 46. h5 Ne3+ 47. Kd4 $18) 44. h5+ Kf7 45. Kc5
g6 46. Nd6+ Kg7 47. Ne8+ Kf7 48. Nc7 f5 49. hxg6+ Kf6 (49... Kxg6 50. gxf5+
Kxf5 51. Nxa6 h5 52. Nb4 h4 53. a6 $1 $18) 50. gxf5 h5 51. Ne8+ Ke7 52. g7 Kf7
53. f6 (53. f6 h4 54. Nd6+ Kg8 55. Nf5 $18 {[%cal Rf5e7,Rf5h6]}) 1-0

[Event "American Continental 2nd"]
[Site "Buenos Aires"]
[Date "2003.08.19"]
[Round "3"]
[White "Gonzalez Garcia, Jose"]
[Black "Dominguez Perez, Leinier"]
[Result "0-1"]
[WhiteElo "2429"]
[BlackElo "2610"]
[Annotator "Hecht,H"]
[PlyCount "80"]
[EventDate "2003.08.17"]
[EventType "swiss"]
[EventRounds "11"]
[EventCountry "ARG"]
[SourceTitle "CBM 097"]
[Source "ChessBase"]
[SourceDate "2003.11.11"]
[SourceVersion "1"]
[SourceVersionDate "2003.11.11"]
[SourceQuality "1"]

1. e4 c5 2. Nf3 d6 3. d4 cxd4 4. Nxd4 Nf6 5. Nc3 a6 6. Be3 Ng4 7. Bc1 Nf6 8.
Be3 e6 9. f3 b5 10. g4 b4 11. Na4 Bd7 12. c4 Qa5 13. b3 Bxa4 14. bxa4 h6 15.
Bg2 Nbd7 16. O-O Rc8 17. f4 h5 18. Nb3 Qc7 19. g5 Ng4 20. Bd4 e5 21. h3 exd4
22. hxg4 hxg4 23. Qxd4 Qxc4 24. Qxc4 Rxc4 25. Rac1 Rxc1 26. Rxc1 Nc5 27. Nxc5
dxc5 28. Bf1 {Main theme: liquidation of the opposite coloured bishops.
Hauptthema: Liquidierung der ungleichen Läufer} g3 29. Bxa6 Rh2 30. Bc4 Bd6 31.
e5 Bc7 32. Rd1 g6 33. Bb5+ Kf8 34. Rd7 Ba5 35. Bc4 Rc2 36. Rxf7+ Ke8 37. Ra7 $2
{A day too early... because the black rook gets a better position. Ein Posttag
zu früh, weil der schwarze Turm besser zu stehen kommt.} (37. Bd5 Rd2 38. Ra7
Rxd5 39. Rxa5 Rd2 40. Rxc5 Rxa2 41. Rb5 Rxa4 42. Kg2 {was the correct way to
get rid of the opposite bishops. war der richtige Weg um die ungleichen Läufer
loszuwerden.}) 37... Rxc4 38. Rxa5 Rc2 39. Rb5 (39. Ra6 Rxa2 40. Rxg6 b3 41.
Rb6 b2 42. f5 Ra1+ 43. Kg2 b1=Q 44. Rxb1 Rxb1 45. Kxg3 c4 $19) 39... Rxa2 40.
f5 gxf5 (40... gxf5 41. g6 Kf8 (41... f4 42. Rb8+ Ke7 43. g7 f3 44. Re8+ Kd7
45. Rd8+ $11) 42. Rb7 {and you can wonder if Black gave up too early. Or was
the trapdoor open? und man kann sich vorstellen, dass Schwarz zu früh
aufgegeben hat. Oder war die Klappe unten?!}) 0-1

[Event "Goodricke op 13th"]
[Site "Kolkata"]
[Date "2002.03.21"]
[Round "5"]
[White "Visweswaran, Kameswaran"]
[Black "Sandipan, Chanda"]
[Result "0-1"]
[WhiteElo "2310"]
[BlackElo "2452"]
[Annotator "Hecht,H"]
[PlyCount "108"]
[EventDate "2002.03.17"]
[EventType "swiss"]
[EventRounds "11"]
[EventCountry "IND"]
[SourceTitle "CBM 088"]
[Source "ChessBase"]
[SourceDate "2002.03.21"]
[SourceVersion "1"]
[SourceVersionDate "2002.03.21"]
[SourceQuality "1"]

1. e4 c5 2. Nf3 e6 3. d4 cxd4 4. Nxd4 Nc6 5. Nc3 Qc7 6. g3 a6 7. Bg2 d6 8. O-O
Bd7 9. a4 Rb8 10. Re1 Be7 11. Be3 Nf6 12. h3 O-O 13. f4 Nxd4 14. Qxd4 e5 15.
Qb6 Qxb6 16. Bxb6 Bd8 17. Bxd8 Rfxd8 18. Rad1 Bc6 19. Rd3 Kf8 20. Kf2 b5 21.
axb5 axb5 22. Na2 exf4 23. gxf4 Re8 24. Rd4 Re6 25. Nb4 Bb7 26. Nd3 Rc8 27. c3
Rc4 28. e5 Bxg2 29. Kxg2 dxe5 30. Rxc4 bxc4 31. Nxe5 Nd5 32. Kf3 f6 33. Rd1 Nb6
34. Nd7+ Ke7 35. Nxb6 Rxb6 36. Rd4 Rxb2 37. Rxc4 Kd6 38. Rd4+ Ke6 39. Rd8 Rc2
40. Rc8 h5 41. Rc7 g6 42. Rc6+ Ke7 43. Rc4 Rh2 44. Kg3 Rd2 45. Re4+ Kd6 46. Re3
Rc2 47. Kh4 Rg2 {Fehlerhafter Übergang ins Bauernendspiel} 48. Rg3 $2 (48. f5
$6 gxf5 49. Kxh5 f4 50. Rd3+ (50. Re4 f3 51. Rf4 f2 52. Rxf6+ Ke5 {sieht nach
Verlust aus, z.B.} 53. Rf8 Ke4 54. h4 Ke3 55. Re8+ Kf3 56. Rf8+ Ke2 57. Re8+
Kf1 58. Rf8 Kg1 59. Kh6 f1=Q 60. Rxf1+ Kxf1 61. h5 Kf2 62. Kh7 Kf3 63. h6 Kf4
64. Kh8 Kf5 65. h7 Kf6 66. c4 Kf7 67. c5 Re2 68. c6 Re8#) 50... Ke5 $17) (48.
Re4 $1 $11 {sperrt seinerseits den schwarzen König aus}) 48... Rxg3 49. Kxg3
Kc5 $2 (49... Kd5 $3 50. Kh4 Ke4 $1 51. Kg3 Ke3 (51... Kd3 52. Kh4 Kxc3 53. f5
gxf5 54. Kg3 $11) 52. c4 Kd4 53. Kh4 Kxc4 54. f5 gxf5 (54... g5+ 55. Kxh5 Kd4
56. h4 $11) 55. Kg3 (55. Kxh5 Kd4 56. Kg6 f4 57. h4 f3 58. h5 f2 59. h6 f1=Q
60. h7 Qh3 $19) 55... Kd5 56. Kf4 Ke6 57. h4 Ke7 58. Kxf5 Kf7 59. Ke4 Ke6 60.
Kf4 f5 61. Kg5 Ke5 62. Kxh5 Kf6 $19) 50. Kf3 $2 (50. Kh4 $1 Kd5 51. f5 gxf5 52.
Kg3 $1 $11 (52. Kxh5 f4 53. Kg4 Ke4 $19)) 50... Kc4 51. Ke4 h4 $1 (51... Kxc3
52. h4 $1 $11) 52. Ke3 Kxc3 53. Kf3 f5 54. Ke3 Kc4 0-1

[Event "Lvov Cup of Galychina"]
[Site "Lvov"]
[Date "2001.12.25"]
[Round "8"]
[White "Firman, Nazar"]
[Black "Maksimenko, Andrei"]
[Result "0-1"]
[WhiteElo "2494"]
[BlackElo "2495"]
[Annotator "Hecht,H"]
[PlyCount "128"]
[EventDate "2001.12.18"]
[EventType "tourn"]
[EventRounds "11"]
[EventCountry "UKR"]
[EventCategory "11"]
[SourceTitle "CBM 087"]
[Source "ChessBase"]
[SourceDate "2002.03.21"]
[SourceVersion "1"]
[SourceVersionDate "2002.03.21"]
[SourceQuality "1"]

1. e4 c5 2. Nf3 d6 3. d4 Nf6 4. Nc3 cxd4 5. Nxd4 a6 6. Be3 e6 7. f3 b5 8. g4 h6
9. Qd2 Nbd7 10. O-O-O Bb7 11. Bd3 Ne5 12. Rhe1 Rc8 13. Kb1 Nfd7 14. f4 Nc4 15.
Qe2 Nxe3 16. Qxe3 Qb6 17. Nd5 Qc5 18. b4 Qa7 19. Nxe6 Qxe3 20. Nec7+ Kd8 21.
Rxe3 Rxc7 22. Nxc7 Kxc7 23. c4 g5 24. cxb5 gxf4 25. Rf3 axb5 26. Rxf4 Kb6 27.
Rxf7 Ne5 28. Rf4 Be7 29. Bc2 Rc8 30. Bb3 Rc3 31. Bd5 Bc8 32. Rff1 Bxg4 33. Rc1
Rd3 34. Rc2 h5 35. Rfc1 Bg5 36. Rf1 Be7 37. Rfc1 Rxd5 38. exd5 Bf5 39. Rf1 Bd3
40. Rd1 Bf5 41. Kb2 Bxc2 42. Kxc2 {[#] Schwer angreifbare weiße Einzelbauern,
weil der schwarze König nicht gut mitspielen kann.} h4 43. Kd2 Bg5+ 44. Ke2 Bf4
45. Rd4 Ng6 46. h3 Bg3 47. Kf3 Ne5+ 48. Ke2 Kc7 49. Re4 Nd7 50. Rd4 Nb6 51. Kf3
Na4 52. Rd2 Kd7 53. Rc2 Be1 54. Rc1 Bd2 55. Rd1 Bg5 56. Kg4 Bf6 57. Rd3 Nc3 58.
Kf5 Ke7 59. a3 Kf7 60. Rd2 Be5 61. Rd3 Na4 62. Re3 Nb6 63. Re4 $6 (63. Rd3 $142
Bf6 64. Rd2 Nc4 $140 65. Ra2 $1) 63... Bf6 64. Re6 Be7 (64... Be7 65. Ke4 Nc4
66. Rh6 Nxa3 67. Rh7+ Ke8 68. Rh8+ Kd7 69. Kd3 $17 {konnte jedenfalls noch
versucht werden.}) 0-1

[Event "RUS-Cup01 Chigorin Memorial"]
[Site "St Petersburg"]
[Date "1997.11.04"]
[Round "4"]
[White "Socko, Bartosz"]
[Black "Lastin, Alexander"]
[Result "1/2-1/2"]
[WhiteElo "2435"]
[BlackElo "2550"]
[Annotator "Hecht,H"]
[PlyCount "88"]
[EventDate "1997.11.01"]
[EventType "swiss"]
[EventRounds "9"]
[EventCountry "RUS"]
[SourceTitle "CBM 062"]
[Source "ChessBase"]
[SourceDate "1998.01.31"]
[SourceVersion "1"]
[SourceVersionDate "1998.01.31"]
[SourceQuality "1"]

1. e4 c5 2. Nf3 d6 3. d4 cxd4 4. Nxd4 Nf6 5. Nc3 a6 6. f3 e6 7. Be3 b5 8. Qd2
Nbd7 9. g4 h6 10. h4 Bb7 11. Rg1 g6 12. g5 hxg5 13. hxg5 Nh5 14. O-O-O Be7 15.
Kb1 Rc8 16. a3 Nc5 17. Bh3 Qc7 18. Bg4 Nd7 19. f4 Nb6 20. Ndxb5 axb5 21. Qd4
Rh7 22. Qxb6 Qxb6 23. Bxb6 Nxf4 24. Be3 Nh3 25. Rg3 Nxg5 26. Bxg5 Bxg5 27. Bxe6
Rxc3 28. Rxg5 Rc5 29. Bd5 Bxd5 30. Rgxd5 {[#] Nicht ausgespieltes
Doppelturmendspiel mit Freibauern auf beiden Seiten. Als es spannend wird,
gibt es Remisschluß.} Rh4 31. Rxd6 Rxe4 32. R1d2 g5 33. b4 Rce5 34. Rd8+ Ke7
35. R2d7+ Kf6 36. Rb7 Kg7 37. Rbb8 g4 38. Rg8+ Kf6 39. Rb6+ Kf5 40. Rg7 f6 41.
Rf7 Re6 42. Rxb5+ Kf4 43. Rb8 g3 44. Rg8 R4e5 {Ein Schlußspiel 3 weiße
Freibauern gegen Turm ist vorstellbar. Oder eine elegante Zugwiederholung.} (
44... R4e5 45. Rg6 Rg5 (45... Rf5 46. Kb2) 46. Rfxf6+ Rxf6 47. Rxf6+ Rf5 (47...
Ke3 48. Re6+ Kf2 49. Rf6+ Kg1 50. Kb2 g2 51. a4 Kh2 52. Rf2 Kg3 53. Rxg2+ Kxg2
$13 {Analyse erforderlich}) 48. Rg6 Rg5 $11) 1/2-1/2

[Event "FIDE World Cup-D"]
[Site "Hyderabad"]
[Date "2002.10.13"]
[Round "4"]
[White "Morozevich, Alexander"]
[Black "Ehlvest, Jaan"]
[Result "0-1"]
[WhiteElo "2707"]
[BlackElo "2600"]
[Annotator "Hecht,H"]
[PlyCount "120"]
[EventDate "2002.10.05"]
[EventType "tourn"]
[EventRounds "5"]
[EventCountry "IND"]
[EventCategory "15"]
[SourceTitle "CBM 092"]
[Source "ChessBase"]
[SourceDate "2003.02.06"]
[SourceVersion "1"]
[SourceVersionDate "2003.02.06"]
[SourceQuality "1"]

1. e4 c5 2. Nf3 d6 3. d4 cxd4 4. Nxd4 Nf6 5. Nc3 a6 6. f3 e6 7. Be3 b5 8. g4
Bb7 9. Qd2 h6 10. O-O-O Nbd7 11. Bd3 b4 12. Nce2 d5 13. exd5 Nxd5 14. Nf4 Qa5
15. Bc4 Ne5 16. Bxd5 Bxd5 17. Nxd5 Qxd5 18. b3 Be7 19. Qe2 Nd7 20. Kb1 Qb7 21.
Rhe1 Nf6 22. Bc1 O-O 23. Bb2 Rfd8 24. f4 Nd5 25. f5 Bh4 26. Rg1 e5 27. Nf3 Bf6
28. Nd2 e4 29. Nxe4 Bxb2 30. Kxb2 Qe7 31. Rge1 Qe5+ 32. Kb1 Rd7 33. Rd3 Nf4 34.
Qf3 Nxd3 35. cxd3 Rad8 36. Rd1 Qb5 37. Nf2 Rc7 38. Ne4 Qc6 39. Qe2 a5 40. f6 g6
41. h4 a4 42. d4 axb3 43. axb3 Qd5 44. Qd3 {Schwarz erhält nach dem folgenden
Qualitätsopfer Angriff gegen den weißen König.} Rc3 (44... Qa8 {in Verbindung
mit Tc8 und Ta7 war dennoch stärker}) 45. Nxc3 Qxb3+ 46. Kc1 bxc3 47. Qb1 Qa3+
48. Kc2 Qd6 49. h5 Rb8 50. Qc1 Qh2+ 51. Kd3 Qg3+ 52. Qe3 Qxg4 (52... c2 $1 {
entschied sofort}) 53. Rc1 Qxh5 54. Kxc3 Qa5+ 55. Kc2 Qf5+ 56. Kc3 Qxf6 57.
Qxh6 Rc8+ {Zum Mattangriff führen entweder Df3+ oder Dc6+} 58. Kd3 Qf3+ 59. Kd2
Rxc1 60. Kxc1 Qc3+ 0-1

[Event "RUS-Cup Final"]
[Site "Sochi"]
[Date "1997.09.19"]
[Round "3"]
[White "Fedorov, Alexei"]
[Black "Galkin, Alexander"]
[Result "0-1"]
[WhiteElo "2600"]
[BlackElo "2540"]
[Annotator "Hecht,H"]
[PlyCount "80"]
[EventDate "1997.09.17"]
[EventType "tourn"]
[EventRounds "11"]
[EventCountry "RUS"]
[EventCategory "13"]
[SourceTitle "CBM 062"]
[Source "ChessBase"]
[SourceDate "1998.01.31"]
[SourceVersion "1"]
[SourceVersionDate "1998.01.31"]
[SourceQuality "1"]

1. e4 c5 2. Nf3 d6 3. d4 cxd4 4. Nxd4 Nf6 5. Nc3 e6 6. Be3 a6 7. Qd2 b5 8. f3
Nbd7 9. g4 h6 10. O-O-O Bb7 11. Bd3 Ne5 12. Rhe1 Nfd7 13. f4 Nxg4 14. e5 Nc5
15. Nxe6 Nxe6 16. f5 Nxe3 17. Rxe3 d5 18. fxe6 fxe6 19. Bg6+ Kd7 20. Bf5 Bb4
21. Rd3 Qg5 22. Qxg5 hxg5 23. Nxd5 exf5 24. Nxb4+ Ke6 25. Rd7 Be4 26. Rxg7 g4
27. Nd3 Bxd3 28. cxd3 Rxh2 {[%csl Re5][%cal Ra8c8,Rc8c2] [#] Stellungsmerkmale:
schwarze Einbruchsdrohung auf die 2.Reihe - angegriffener Be5 - aktiver
schwarzer König - verbundene Freibauern auf beiden Seiten} 29. Re1 (29. d4 Rc8+
30. Kb1 Rcc2 31. d5+ Kxe5 32. d6 Rxb2+ 33. Ka1 Rxa2+ 34. Kb1 Rhb2+ 35. Kc1 Ra1+
36. Kxb2 Rxd1 $19) (29. Rc7 Kxe5 30. Rc5+ Kf6 31. Rf1 Rh5 $19 {[%cal Rg4g3,
Rg3g2]}) 29... Rc8+ 30. Kb1 Rcc2 31. Rg6+ Ke7 32. Rg7+ Ke8 33. d4 Rxb2+ 34. Ka1
Rxa2+ 35. Kb1 Rhb2+ 36. Kc1 Rc2+ 37. Kb1 Rab2+ 38. Ka1 Ra2+ 39. Kb1 Rcb2+ 40.
Kc1 Re2 (40... Re2 41. Rxe2 Rxe2 42. Rg5 Ke7 43. Rxf5 g3 44. Rg5 g2 45. Kd1 Rf2
$19) 0-1

[Event "North Sea Cup 17th"]
[Site "Esbjerg"]
[Date "2002.07.09"]
[Round "5"]
[White "Bruzon Batista, Lazaro"]
[Black "Galliamova, Alisa"]
[Result "1-0"]
[WhiteElo "2595"]
[BlackElo "2505"]
[Annotator "Hecht,H"]
[PlyCount "107"]
[EventDate "2002.07.05"]
[EventType "tourn"]
[EventRounds "9"]
[EventCountry "DEN"]
[EventCategory "14"]
[SourceTitle "CBM 091"]
[Source "ChessBase"]
[SourceDate "2002.11.12"]
[SourceVersion "1"]
[SourceVersionDate "2002.11.12"]
[SourceQuality "1"]

1. e4 c5 2. Nf3 Nc6 3. d4 cxd4 4. Nxd4 Nf6 5. Nc3 d6 6. f3 e6 7. Be3 a6 8. Qd2
Nxd4 9. Bxd4 b5 10. O-O-O Qa5 11. Kb1 b4 12. Ne2 e5 13. Bf2 Be6 14. Nc1 Be7 15.
a3 O-O 16. axb4 Qc7 17. c4 Bxc4 18. Qc2 Rfc8 19. Qxc4 Qxc4 20. Bxc4 Rxc4 21.
Na2 Rac8 22. Bh4 R4c6 23. Bxf6 Bxf6 24. Rc1 Bg5 25. Rxc6 Rxc6 26. Nc3 {
Riesenspringer mit ideellem Mehrbauer.} g6 27. Nd5 Rc4 28. Rd1 f5 29. b3 Rc8
30. Kb2 fxe4 31. fxe4 Rf8 $132 32. Ra1 Rf2+ 33. Kc3 Rxg2 34. Rxa6 Bh4 (34...
Rxh2 35. b5 Rh3+ 36. Kc4 Rh4 37. b6 Rxe4+ 38. Kb5 Rd4 39. Kc6 $18 {der aktive
König}) 35. b5 Be1+ 36. Kd3 Rd2+ 37. Ke3 Rb2 38. b6 Rxb3+ 39. Ke2 Bh4 $8 40.
Ra7 Rb2+ 41. Kf1 Rb1+ 42. Ke2 Rb2+ 43. Kd3 Bf2 44. Nf6+ Kf8 45. Nxh7+ Ke8 46.
Nf6+ Kd8 47. Ra8+ Ke7 48. Nd5+ {Instruktives Manöver unter Bauerngewinn mit
Springerrückkehr ohne Tempoverlust.} Kf7 49. Ra7+ Ke8 (49... Kf8 $142) 50. Re7+
{Jetzt gelangt der Bauer auf das Idealfeld b7} Kd8 51. b7 $18 Ba7 52. Rh7 Ke8
53. Kc3 Rb1 (53... Bd4+ 54. Kc4 Ba7 55. Nb4 $18) 54. Kc2 (54. Kc2 Rb5 (54...
Rf1 {führt zur freien Auswahl:} 55. Nc7+ {nebst Sb5} ({oder} 55. Nb4 {nebst Sc6
})) 55. Nc7+ $18) 1-0

[Event "CUB-ch"]
[Site "Las Tunas"]
[Date "2001.04.11"]
[Round "10"]
[White "Gonzalez Vidal, Yuri"]
[Black "Vera Gonzalez Quevedo, Reynaldo"]
[Result "0-1"]
[WhiteElo "2426"]
[BlackElo "2534"]
[Annotator "Hecht,H"]
[PlyCount "84"]
[EventDate "2001.04.01"]
[EventType "tourn"]
[EventRounds "16"]
[EventCountry "CUB"]
[EventCategory "9"]
[SourceTitle "CBM 083"]
[Source "ChessBase"]
[SourceDate "2001.07.05"]
[SourceVersion "1"]
[SourceVersionDate "2001.07.05"]
[SourceQuality "1"]

1. e4 c5 2. Nf3 d6 3. d4 cxd4 4. Nxd4 Nf6 5. Nc3 a6 6. Be3 e6 7. f3 b5 8. g4 b4
9. Nce2 h6 10. Ng3 e5 11. Ndf5 Be6 12. g5 hxg5 13. Bxg5 Nc6 14. f4 Qb6 15. Qe2
Nd4 16. Qd3 Nxf5 17. Nxf5 Ng4 18. Qe2 Bxf5 19. exf5 Qe3 20. Qxe3 Nxe3 21. Bd3
f6 22. Kf2 fxg5 23. Kxe3 gxf4+ 24. Ke4 Rh3 25. Rhe1 Rc8 26. Re2 a5 27. Rg1 Rc5
28. b3 Be7 29. Bc4 Bf6 30. Rd1 Ke7 31. Rd3 f3 32. Re1 f2 33. Red1 Rxd3 34. cxd3
{[#] Einbruch des Turms in die weiße Stellung mittels Bauernopfer zwecks
entscheidender Unterstützung des Freibauern f2. Einfache Taktik am Ende 
(Abzugsschach).} d5+ 35. Bxd5 Rc2 36. Rf1 Rxa2 37. Kf3 Bh4 38. Kg4 Kd6 39. Bc4
Bd8 40. Kh5 (40. Kf3 Bb6 41. h4 Ke7 42. h5 Kf6 $19 {[%csl Rf5,Rh5][%cal Ra5a4]}
) 40... Bb6 41. Kg6 Bd4 42. Kxg7 (42. h4 Re2 43. h5 Re1 $19) 42... e4+ 0-1